[Event "Hastings Masters 2016-17"]
[Site "Hastings ENG"]
[Date "2016.12.30"]
[Round "3.4"]
[White "Kjartansson, Gudmundur"]
[Black "Haria, Ravi"]
[Result "1-0"]
[WhiteTitle "IM"]
[BlackTitle "FM"]
[WhiteElo "2468"]
[BlackElo "2382"]
[WhiteFideId "2301318"]
[BlackFideId "415820"]
[EventDate "2016.12.28"]

1. e4 e6 2. d4 d5 3. Nd2 Nc6 4. Ngf3 Nf6 5. e5 Nd7 6. Be2 Be7 7. O-O f6 8. exf6
Bxf6 9. c3 O-O 10. Re1 e5 11. Qb3 Nb6 12. dxe5 Nxe5 13. Nxe5 Bxe5 14. Nf3 Bd6
15. a4 c6 16. Be3 Nd7 17. Rad1 Nc5 18. Qa2 Ne4 19. c4 Be6 20. cxd5 cxd5 21. Bd4
Qe8 22. Qb3 b6 23. Nd2 Nc5 24. Qa2 Qf7 25. Bf3 Kh8 26. Nf1 Rad8 27. Ng3 Qg6 28.
Qb1 Qxb1 29. Rxb1 Bxg3 30. hxg3 Bf5 31. Rbd1 Nb3 32. Re7 Nxd4 33. Rxd4 Rd7 34.
Rxd7 Bxd7 35. Bxd5 g6 36. b3 Bc8 37. Bc4 Kg7 38. f3 Re8 39. Kf2 Re7 40. Rd8 Bd7
41. g4 h6 42. Bd5 Kf6 43. Kg3 Be8 44. Be4 Re6 45. Rc8 Re7 46. Kf4 g5+ 47. Ke3
Ke5 48. g3 h5 49. f4+ Kf6 50. gxh5 gxf4+ 51. Kxf4 Bxh5 52. Rc6+ Kg7 53. Bd5 Be8
54. Rd6 Rc7 55. g4 Rc5 56. Ke5 Rc7 57. Rd8 Re7+ 58. Kd6 Re3 59. Ra8 a5 60. Rb8 1-0

[Event "Hastings Masters 2016-17"]
[Site "Hastings ENG"]
[Date "2016.12.30"]
[Round "3.5"]
[White "Das, Arghyadip"]
[Black "Fier, Alexandr"]
[Result "1/2-1/2"]
[WhiteTitle "IM"]
[BlackTitle "GM"]
[WhiteElo "2399"]
[BlackElo "2590"]
[WhiteFideId "5003610"]
[BlackFideId "2107139"]
[EventDate "2016.12.28"]

1. e4 c5 2. Nc3 a6 3. Nf3 d6 4. d4 cxd4 5. Nxd4 Nf6 6. h3 e5 7. Nde2 h5 8. Bg5
Nbd7 9. Nd5 b5 10. Nec3 Bb7 11. a4 bxa4 12. Bc4 Be7 13. Bxf6 Bxf6 14. Rxa4 g6
15. Qe2 Nc5 16. Ra3 O-O 17. O-O Bh4 18. Na4 Nd7 19. Nac3 a5 20. Nb5 Nb6 21. Nxb6
Qxb6 22. Rd1 Be7 23. Nc3 Rac8 24. Rb3 Qc7 25. Bd5 Ba8 26. Bxa8 Rxa8 27. Nd5 Qa7
28. Qe3 Bd8 29. Qxa7 Rxa7 30. Rdd3 f5 31. Nc3 Ra6 32. Rb8 Bb6 33. Rxf8+ Kxf8 34.
exf5 gxf5 35. Rf3 f4 36. g3 Bd4 37. gxf4 e4 38. Nxe4 Bxb2 39. Rb3 Bd4 40. f5 a4
41. Ra3 Bb2 42. Ra2 a3 43. Nd2 Ra4 44. Kf1 Rh4 45. Nb1 Bc1 46. Ra1 Ra4 47. Ke2
a2 48. Nc3 Ra3 49. Kd1 Bh6 50. Nd5 Kf7 51. c3 Ra5 52. Nb4 Rxf5 53. Rxa2 Rf3 54.
Ra7+ Kg6 55. Rd7 Bf8 56. Ke2 Rxh3 57. Nd5 Rh4 58. Kf3 Rc4 59. Rc7 Rxc7 60. Nxc7
Kf5 61. c4 Ke5 62. Nb5 1/2-1/2

[Event "Hastings Masters 2016-17"]
[Site "Hastings ENG"]
[Date "2016.12.30"]
[Round "3.6"]
[White "Karthikeyan, Murali"]
[Black "Batchelor, Peter J"]
[Result "1-0"]
[WhiteTitle "GM"]
[BlackTitle "FM"]
[WhiteElo "2530"]
[BlackElo "2365"]
[WhiteFideId "5074452"]
[BlackFideId "424854"]
[EventDate "2016.12.28"]

1. e4 c6 2. Nf3 d5 3. Nc3 Nf6 4. e5 Ne4 5. Ne2 Qb6 6. d4 e6 7. c3 c5 8. Ng3 Nxg3
9. hxg3 Nc6 10. a3 a5 11. Bd3 Be7 12. Rb1 Bd7 13. Be3 O-O-O 14. dxc5 Bxc5 15.
Bxc5 Qxc5 16. O-O Kb8 17. b4 Qb6 18. c4 dxc4 19. Bxc4 axb4 20. axb4 Na7 21. b5
Qc5 22. Qb3 b6 23. Rfc1 Rc8 24. Qb2 Qe7 25. Ra1 Rc7 26. Ra6 Rb7 27. Bd3 Rc8 28.
Rca1 Rc5 29. Nd4 f5 30. exf6 Qxf6 31. Be4 Rxb5 32. Qa3 Qxd4 33. Bxb7 Ra5 34.
Rxa5 bxa5 35. Bf3 Nc6 36. Rd1 1-0

[Event "Hastings Masters 2016-17"]
[Site "Hastings ENG"]
[Date "2016.12.30"]
[Round "3.7"]
[White "Radovanovic, Jovica"]
[Black "Praggnanandhaa, R"]
[Result "1/2-1/2"]
[WhiteTitle "FM"]
[BlackTitle "IM"]
[WhiteElo "2351"]
[BlackElo "2452"]
[WhiteFideId "915912"]
[BlackFideId "25059530"]
[EventDate "2016.12.28"]

1. c4 e5 2. g3 Nf6 3. Bg2 d5 4. cxd5 Nxd5 5. Nc3 Nb6 6. Nf3 Nc6 7. O-O Be7 8. a3
O-O 9. b4 Be6 10. d3 a5 11. b5 Nd4 12. Rb1 f6 13. Nxd4 exd4 14. Na4 Nd5 15. Bb2
c5 16. bxc6 b5 17. Bxd4 bxa4 18. Qxa4 Bd6 19. Rb7 Bc7 20. Rfb1 Rf7 21. e4 Ne7
22. Be3 f5 23. Qb5 Bc8 24. Qc4 f4 25. gxf4 Nxc6 26. Qxc6 Bxb7 27. Rxb7 Qxd3 28.
Bh3 Rf6 29. Be6+ Kh8 30. f5 Qd1+ 31. Kg2 Qg4+ 32. Kf1 Rd8 33. Rb1 Bxh2 34. Rc1
Rd1+ 35. Rxd1 Qxd1+ 36. Kg2 Qg4+ 1/2-1/2

[Event "Hastings Masters 2016-17"]
[Site "Hastings ENG"]
[Date "2016.12.30"]
[Round "3.8"]
[White "Tan, Justin2"]
[Black "Foo, William J"]
[Result "1-0"]
[WhiteTitle "IM"]
[WhiteElo "2451"]
[BlackElo "2145"]
[WhiteFideId "3206882"]
[BlackFideId "419753"]
[EventDate "2016.12.28"]

1. Nf3 d5 2. g3 g6 3. c4 c6 4. Bg2 Bg7 5. O-O e5 6. d3 Ne7 7. Nbd2 h6 8. Rb1 f5
9. cxd5 cxd5 10. e4 Be6 11. Re1 Nbc6 12. b4 dxe4 13. dxe4 Bxa2 14. Rb2 fxe4 15.
Nxe5 Nxe5 16. Rxa2 Nd3 17. Nxe4 Nxe1 18. Rd2 Qc7 19. Nd6+ Kf8 20. Qxe1 Rd8 21.
Qe6 Nc8 22. Ba3 Rxd6 23. Rxd6 Qxd6 24. Qxc8+ Kf7 25. Qxb7+ Kg8 26. Bd5+ Kh7 27.
Bb2 Qf8 28. g4 1-0

[Event "Hastings Masters 2016-17"]
[Site "Hastings ENG"]
[Date "2016.12.30"]
[Round "3.9"]
[White "Bates, Richard A"]
[Black "Lalic, Bogdan"]
[Result "1/2-1/2"]
[WhiteTitle "IM"]
[BlackTitle "GM"]
[WhiteElo "2347"]
[BlackElo "2443"]
[WhiteFideId "403555"]
[BlackFideId "409081"]
[EventDate "2016.12.28"]

1. d4 d5 2. c4 c6 3. Nf3 Nf6 4. Qb3 dxc4 5. Qxc4 Bf5 6. g3 e6 7. Bg2 Be7 8. O-O
O-O 9. Nc3 Nbd7 10. Qb3 Qb6 11. Re1 Qxb3 12. axb3 Bc2 13. Bg5 h6 14. Bxf6 Nxf6
15. Rec1 Bh7 16. Ne5 Rfd8 17. e3 Nd5 18. Be4 Bxe4 19. Nxe4 Nb4 20. Kf1 a6 21.
Ke2 Rac8 22. f4 Rc7 23. g4 f6 24. Ng6 Kf7 25. f5 Nd5 26. Kf3 Bb4 27. Rc4 a5 28.
Nc5 Bxc5 29. Rxc5 b6 30. Rc4 h5 31. h3 hxg4+ 32. hxg4 exf5 33. gxf5 Ne7 34. Nxe7
Rxe7 35. Rxc6 Rh8 36. Re1 Rh3+ 37. Kf4 Rh4+ 38. Kg3 Rxd4 39. exd4 Rxe1 40. Rxb6
Rd1 41. Rb7+ Ke8 42. Rb5 1/2-1/2

[Event "Hastings Masters 2016-17"]
[Site "Hastings ENG"]
[Date "2016.12.30"]
[Round "3.10"]
[White "Gledura, Benjamin"]
[Black "Lyell, Mark"]
[Result "1-0"]
[WhiteTitle "GM"]
[BlackTitle "FM"]
[WhiteElo "2584"]
[BlackElo "2203"]
[WhiteFideId "712779"]
[BlackFideId "402354"]
[EventDate "2016.12.28"]

1. Nf3 f5 2. g3 Nf6 3. Bg2 e6 4. c4 Be7 5. O-O O-O 6. d4 d6 7. Nc3 Ne4 8. Nxe4
fxe4 9. Nd2 d5 10. f3 Nc6 11. fxe4 Rxf1+ 12. Kxf1 dxc4 13. Nf3 Rb8 14. Be3 b6
15. Qc2 Ba6 16. Rd1 Qf8 17. Kg1 e5 18. d5 Nb4 19. Qc3 Bc5 20. Bxc5 Qxc5+ 21. Kh1
Nxa2 22. Qxe5 Qd6 23. Qxd6 cxd6 24. Ra1 c3 25. bxc3 Bc4 26. Nd2 b5 27. Nxc4 bxc4
28. Rxa2 Rb1+ 29. Bf1 Rxf1+ 30. Kg2 Rc1 31. Ra3 a5 32. Kf2 Kf7 33. Ke3 Kf6 34.
Rxa5 Rxc3+ 35. Kd4 Rc1 36. Ra6 Rd1+ 37. Kxc4 Ke5 38. Ra7 Rd4+ 39. Kc3 Rxe4 40.
Rxg7 Kxd5 41. Kd3 Ra4 42. Rxh7 Ra3+ 43. Kd2 Ke4 44. Rh4+ Kf5 45. Rf4+ Ke5 46.
Rf3 Ra1 47. Ke3 Rh1 48. h4 d5 49. Rf4 Rh2 50. Rg4 Kd6 51. Rg5 Kc5 52. h5 Kc4 53.
Rg4+ Kc3 54. Rh4 1-0

[Event "Hastings Masters 2016-17"]
[Site "Hastings ENG"]
[Date "2016.12.30"]
[Round "3.11"]
[White "Scott, Gordon W"]
[Black "Sengupta, Deep"]
[Result "0-1"]
[BlackTitle "GM"]
[WhiteElo "2198"]
[BlackElo "2575"]
[WhiteFideId "419559"]
[BlackFideId "5008352"]
[EventDate "2016.12.28"]

1. d4 Nf6 2. c4 b6 3. Nc3 Bb7 4. Qc2 d5 5. cxd5 Nxd5 6. e4 Nxc3 7. bxc3 e5 8.
Nf3 exd4 9. Bc4 Nd7 10. O-O d3 11. Bxd3 Qe7 12. Qa4 c6 13. Qc2 Nc5 14. Ba3 O-O-O
15. Bxc5 Qxc5 16. a4 Bd6 17. a5 bxa5 18. Qe2 Bc7 19. Ba6 Rhe8 20. Rfb1 Bb6 21.
Bxb7+ Kxb7 22. Nd4 Qxc3 23. Nb3 Re5 24. Ra3 Ka8 25. Qa2 Rxe4 26. g3 Re1+ 27. Kg2
Rxb1 28. Qxb1 Qd3 29. Qc1 Qe4+ 30. Kg1 Qd5 0-1

[Event "Hastings Masters 2016-17"]
[Site "Hastings ENG"]
[Date "2016.12.30"]
[Round "3.12"]
[White "Gormally, Daniel W"]
[Black "Ramsdal, Jens Albert"]
[Result "1-0"]
[WhiteTitle "GM"]
[WhiteElo "2493"]
[BlackElo "2190"]
[WhiteFideId "406465"]
[BlackFideId "1429221"]
[EventDate "2016.12.28"]

1. e4 c5 2. Nf3 e6 3. d4 cxd4 4. Nxd4 Nc6 5. Nc3 Qc7 6. Be3 a6 7. Qf3 b5 8. Nxc6
Qxc6 9. Bd3 Bb7 10. Qg3 Rc8 11. O-O-O Nf6 12. e5 Nd5 13. Be4 Qc4 14. Bxd5 Bxd5
15. Rd4 Qc6 16. Rd2 Bxg2 17. Rhd1 Bf3 18. Rd6 Qa8 19. R1d4 Bxd6 20. Qxg7 Bxe5
21. Qxe5 Rg8 22. Bg5 Qc6 23. Qf6 Qc5 24. h4 b4 25. Rxd7 Kxd7 26. Qxf7+ Kd6 27.
Be7+ Kc6 28. Qxf3+ 1-0

[Event "Hastings Masters 2016-17"]
[Site "Hastings ENG"]
[Date "2016.12.30"]
[Round "3.13"]
[White "Kalavannan, Koby"]
[Black "Arkell, Keith C"]
[Result "1/2-1/2"]
[BlackTitle "GM"]
[WhiteElo "2163"]
[BlackElo "2447"]
[WhiteFideId "425753"]
[BlackFideId "400270"]
[EventDate "2016.12.28"]

1. d4 d5 2. Nf3 Nf6 3. c4 c6 4. Qc2 g6 5. g3 Bg7 6. Bg2 O-O 7. O-O a6 8. Bf4 Bf5
9. Qc1 Nbd7 10. Rd1 Bg4 11. h3 Bxf3 12. Bxf3 Rc8 13. c5 Re8 14. Nc3 e5 15. dxe5
Nxe5 16. Bg2 Qa5 17. Be3 Bf8 18. Bg5 Nfd7 19. e4 d4 20. Rxd4 Bxc5 21. Rd1 f6 22.
Be3 Rcd8 23. b3 Bxe3 24. Qxe3 Qc5 25. Qxc5 Nxc5 26. f4 Ned3 27. Rd2 Rd7 28. Rad1
Red8 29. Bf1 g5 30. Bxd3 Rxd3 31. Rxd3 Rxd3 32. Rxd3 Nxd3 33. fxg5 fxg5 34. Kf1
Kf7 35. Ke2 Ne5 36. Ke3 Ke6 37. Ne2 Kd6 38. Nd4 a5 39. Kd2 Nd7 40. Nf3 h6 41.
Nd4 h5 42. Ke3 Ne5 43. Kd2 b5 44. Nf5+ Kc5 45. Ng7 Kd4 46. Nxh5 Kxe4 47. Ng7 Kd4
48. Nh5 Ke4 49. Ng7 Nf3+ 50. Kc2 Nd4+ 51. Kd2 Kf3 52. h4 g4 53. h5 Kxg3 54. Ke3
Nc2+ 55. Kd2 1/2-1/2

[Event "Hastings Masters 2016-17"]
[Site "Hastings ENG"]
[Date "2016.12.30"]
[Round "3.14"]
[White "Flear, Glenn C"]
[Black "Thogersen, Rasmus"]
[Result "1-0"]
[WhiteTitle "GM"]
[WhiteElo "2428"]
[BlackElo "2161"]
[WhiteFideId "400165"]
[BlackFideId "1431412"]
[EventDate "2016.12.28"]

1. d4 Nf6 2. c4 g6 3. Nc3 Bg7 4. e4 d6 5. Be2 O-O 6. Bg5 c5 7. d5 e6 8. Qd2 exd5
9. exd5 Qb6 10. Nf3 Bf5 11. Nh4 Ne4 12. Nxe4 Bxe4 13. f3 h6 14. Bxh6 Bxh6 15.
Qxh6 Qxb2 16. O-O Bc2 17. Rac1 Re8 18. Qd2 Qf6 19. g3 Ba4 20. f4 Nd7 21. Nf3 Qe7
22. Kf2 b5 23. Rfe1 bxc4 24. Bd1 1-0

[Event "Hastings Masters 2016-17"]
[Site "Hastings ENG"]
[Date "2016.12.30"]
[Round "3.15"]
[White "Ledger, Andrew J"]
[Black "Anderson, John"]
[Result "1/2-1/2"]
[WhiteTitle "IM"]
[WhiteElo "2377"]
[BlackElo "2156"]
[WhiteFideId "400610"]
[BlackFideId "405353"]
[EventDate "2016.12.28"]

1. d4 Nf6 2. c4 g6 3. Nc3 d5 4. cxd5 Nxd5 5. e4 Nxc3 6. bxc3 Bg7 7. Bc4 c5 8.
Ne2 Nc6 9. Be3 O-O 10. O-O e6 11. Rc1 Bd7 12. Qd2 Na5 13. Bd3 c4 14. Bb1 b5 15.
Bh6 Qe7 16. Bxg7 Kxg7 17. e5 Bc6 18. Ng3 Bd5 19. Rfe1 Nc6 20. Ne4 Bxe4 21. Bxe4
Rac8 22. Re3 Qg5 23. Qb2 a6 24. a4 Rfd8 25. axb5 axb5 26. Qxb5 Ne7 27. Ra1 Nd5
28. Bxd5 Rxd5 29. Qb7 Rdd8 30. Rf3 Rf8 31. h4 Qd8 32. Ra7 Qe8 33. Rf6 Kg8 34.
Qf3 Ra8 35. Rc7 Rc8 36. Rb7 Rb8 37. h5 Rxb7 38. Qxb7 Qa8 39. Qxa8 Rxa8 40. h6
Kf8 41. g4 g5 42. Kg2 Ke7 43. Rf3 Ra1 44. Re3 Rc1 45. Kf3 Rc2 46. Re2 Rxc3+ 47.
Ke4 Rh3 48. Rc2 Rxh6 49. Rxc4 Rh1 50. Rc7+ Kf8 51. f3 1/2-1/2

[Event "Hastings Masters 2016-17"]
[Site "Hastings ENG"]
[Date "2016.12.30"]
[Round "3.16"]
[White "Siva, Mahadevan"]
[Black "Burrows, Martin P"]
[Result "1-0"]
[WhiteTitle "IM"]
[WhiteElo "2360"]
[BlackElo "2124"]
[WhiteFideId "25043153"]
[BlackFideId "409057"]
[EventDate "2016.12.28"]

1. e4 c5 2. Nf3 d6 3. d4 cxd4 4. Nxd4 Nf6 5. Nc3 a6 6. Bg5 e6 7. f4 Be7 8. Qf3
h6 9. Bh4 Nbd7 10. O-O-O Qc7 11. Be2 g5 12. fxg5 Ne5 13. Qg3 Rg8 14. Qe3 hxg5
15. Bg3 Bd7 16. Nf3 Nfg4 17. Qd2 O-O-O 18. Rhf1 Be8 19. Kb1 Qc5 20. Nd4 Nc4 21.
Bxc4 Qxc4 22. Nf5 Bf8 23. Nxd6+ Bxd6 24. Bxd6 Nxh2 25. Rh1 Ng4 26. Rh3 b6 27.
Nd5 exd5 28. Rc3 Bc6 29. exd5 Qxc3 30. Qxc3 Rxd6 31. Re1 Rgg6 32. dxc6 Rxc6 33.
Qd3 1-0

[Event "Hastings Masters 2016-17"]
[Site "Hastings ENG"]
[Date "2016.12.30"]
[Round "3.17"]
[White "Spice, Alan"]
[Black "Thybo, Jesper Sondergaard"]
[Result "0-1"]
[BlackTitle "FM"]
[WhiteElo "2081"]
[BlackElo "2352"]
[WhiteFideId "1800744"]
[BlackFideId "1438832"]
[EventDate "2016.12.28"]

1. Nc3 c5 2. Nf3 d5 3. e4 d4 4. Bb5+ Bd7 5. Bxd7+ Qxd7 6. Ne2 Nc6 7. d3 e5 8.
O-O Bd6 9. Nd2 Nge7 10. Nc4 Bc7 11. f4 exf4 12. Bxf4 b5 13. Nd2 O-O 14. a4 a6
15. Ng3 Bxf4 16. Rxf4 Ng6 17. Rf2 Nce5 18. b3 Ng4 19. Re2 Nf4 20. Re1 Ne3 21.
Rxe3 dxe3 22. Nf3 Qg4 23. Qe1 h5 24. Ne5 Qg5 25. Nf3 Qf6 26. e5 Qh6 27. Nf5 Qe6
28. Nxe3 Rfe8 29. Nf1 Ng6 30. Qe4 Qg4 31. Qc6 Nxe5 0-1

[Event "Hastings Masters 2016-17"]
[Site "Hastings ENG"]
[Date "2016.12.30"]
[Round "3.18"]
[White "Dyrgaard, Kristoffer"]
[Black "Rayner, Francis"]
[Result "1-0"]
[WhiteTitle "FM"]
[WhiteElo "2311"]
[BlackElo "2080"]
[WhiteFideId "1410938"]
[BlackFideId "1800132"]
[EventDate "2016.12.28"]

1. e4 Nf6 2. e5 Nd5 3. d4 d6 4. c4 Nb6 5. exd6 exd6 6. Nc3 Nc6 7. Nf3 Bg4 8. Be2
Be7 9. d5 Bxf3 10. Bxf3 Ne5 11. Be2 O-O 12. b3 Bf6 13. Bd2 Re8 14. O-O Ng6 15.
Qc2 Nd7 16. Rae1 Be5 17. Bd3 Nc5 18. Bf5 a5 19. Re3 Nf8 20. Ne4 Nxe4 21. Bxe4 g6
22. Bf3 Qd7 23. Rfe1 b6 24. g3 Bd4 25. Re4 Qf5 26. Qd3 Rxe4 27. Rxe4 Bg7 28. Qe2
h5 29. Kg2 Be5 30. h3 Nh7 31. g4 hxg4 32. Bxg4 Qf6 33. f4 Bc3 34. Bxc3 Qxc3 35.
f5 gxf5 36. Bxf5 Nf6 37. Re3 Qd4 38. Qf2 Qa1 39. Qh4 Qb2+ 40. Kh1 Qa1+ 41. Re1 1-0

[Event "Hastings Masters 2016-17"]
[Site "Hastings ENG"]
[Date "2016.12.30"]
[Round "3.19"]
[White "Willson, Ollie"]
[Black "Webb, Laurence E"]
[Result "0-1"]
[BlackTitle "FM"]
[WhiteElo "2060"]
[BlackElo "2300"]
[WhiteFideId "424714"]
[BlackFideId "402389"]
[EventDate "2016.12.28"]

1. Nf3 Nf6 2. g3 d5 3. d4 c6 4. Bg2 g6 5. O-O Bg7 6. c4 O-O 7. Qb3 dxc4 8. Qxc4
Nbd7 9. Nc3 Nb6 10. Qd3 Be6 11. Rd1 Qc8 12. b3 Bh3 13. Bh1 Nbd5 14. Ba3 Nxc3 15.
Qxc3 Re8 16. Ng5 h6 17. Nxh3 Qxh3 18. Bg2 Qh5 19. Qf3 Rad8 20. Qxh5 Nxh5 21. Bb2
Nf6 22. Rac1 e6 23. e3 Nd5 24. Rc4 Nb6 25. Rc2 Rd7 26. Rcc1 Red8 27. Bf3 a6 28.
Kf1 Nd5 29. Ke1 h5 30. Ba3 Bf8 31. Bxf8 Kxf8 32. a3 Ke7 33. Rc5 Rd6 34. Rdc1 Nb6
35. R5c2 Nd7 36. Rd1 e5 37. dxe5 Nxe5 38. Be2 Rxd1+ 39. Bxd1 Ng4 40. h3 Nf6 41.
Be2 Ne4 42. Bf3 Ng5 43. Bg2 Rd3 44. Rb2 f5 45. Ke2 Rd6 46. Rc2 Ne6 47. h4 a5 48.
b4 a4 49. b5 cxb5 50. Bxb7 Rb6 51. Bd5 Kd6 52. Ba2 b4 53. axb4 Rxb4 54. Bxe6
Kxe6 55. Rc6+ Kd5 56. Rxg6 Kc4 57. Ra6 Kb3 58. f3 a3 59. Rxa3+ Kxa3 60. Kd3 Ka4
61. f4 Kb5 62. Ke2 Kc5 0-1

[Event "Hastings Masters 2016-17"]
[Site "Hastings ENG"]
[Date "2016.12.30"]
[Round "3.20"]
[White "Player, Edmund C"]
[Black "Boino, Claudio"]
[Result "1/2-1/2"]
[WhiteElo "2239"]
[BlackElo "2066"]
[WhiteFideId "406520"]
[BlackFideId "1901133"]
[EventDate "2016.12.28"]

1. e4 e5 2. Nf3 Nc6 3. Bb5 a6 4. Ba4 Nf6 5. d3 d6 6. c3 g6 7. Nbd2 Bg7 8. O-O
O-O 9. Re1 Re8 10. Nf1 b5 11. Bc2 h6 12. a4 Rb8 13. axb5 axb5 14. Ng3 d5 15. h3
Be6 16. Ra6 Qd7 17. Bd2 Ra8 18. Qa1 Qc8 19. Rxa8 Qxa8 20. exd5 Nxd5 21. Ne4 Nb6
22. Be3 Nd7 23. Nc5 Nxc5 24. Bxc5 Bd5 25. Nd2 Qb7 26. f3 Nd8 27. Be3 Ne6 28. Qc1
f5 29. Qd1 Kh7 30. Nb3 Qc6 31. Qd2 f4 32. Bf2 h5 33. Qe2 Ng5 34. Nd2 Ra8 35. Bh4
Ne6 36. Bb3 Bxb3 37. Nxb3 Ra2 38. Rb1 Qd5 39. Nd2 Nc5 40. Ne4 Qxd3 41. Qxd3 Nxd3
42. Rd1 Nxb2 43. Ng5+ Kh6 44. Rd7 Ra1+ 45. Kh2 Nd1 46. Nf7+ Kh7 47. Ng5+ Kh6 48.
Nf7+ Kh7 49. Ng5+ 1/2-1/2

[Event "Hastings Masters 2016-17"]
[Site "Hastings ENG"]
[Date "2016.12.30"]
[Round "3.21"]
[White "Dilleigh, Stephen P"]
[Black "Maisuradze, Nino"]
[Result "0-1"]
[BlackTitle "WGM"]
[WhiteElo "2038"]
[BlackElo "2231"]
[WhiteFideId "408379"]
[BlackFideId "13601717"]
[EventDate "2016.12.28"]

1. Nf3 c5 2. c4 Nc6 3. Nc3 g6 4. e3 Bg7 5. d4 cxd4 6. exd4 d6 7. d5 Ne5 8. Nxe5
Bxe5 9. Be3 Bf5 10. Qd2 a6 11. Be2 h5 12. O-O h4 13. Rac1 Rc8 14. Na4 Kf8 15. b3
Kg7 16. Bb6 Qe8 17. Bd4 Bxd4 18. Qxd4+ Nf6 19. Bd3 Bxd3 20. Qxd3 h3 21. g3 b5
22. cxb5 Qxb5 23. Qxb5 axb5 24. Nb6 Rxc1 25. Rxc1 Rb8 26. Rc6 b4 27. f3 Rb7 28.
Kf2 Ra7 29. Na4 Nxd5 30. Rc4 f5 31. g4 f4 32. Ke2 Rc7 33. Kd3 Rxc4 34. bxc4 Ne3
35. Nb2 Nf1 36. Nd1 Kf6 37. Ke2 Nxh2 38. Nf2 e5 39. Nxh3 e4 40. Nxf4 exf3+ 41.
Kf2 Nxg4+ 42. Kxf3 Kf5 43. Nd5 Ne5+ 44. Kg3 Nc6 45. Kf3 Ke5 46. Nf4 Kd4 47. Nxg6
Ne5+ 0-1

[Event "Hastings Masters 2016-17"]
[Site "Hastings ENG"]
[Date "2016.12.30"]
[Round "3.22"]
[White "Marusenko, Petr"]
[Black "Larsen, Andreas"]
[Result "1-0"]
[WhiteTitle "IM"]
[WhiteElo "2214"]
[BlackElo "1976"]
[WhiteFideId "14100606"]
[BlackFideId "1504843"]
[EventDate "2016.12.28"]

1. d4 d5 2. c4 e5 3. dxe5 d4 4. Nf3 Nc6 5. g3 Nge7 6. Bg2 Ng6 7. O-O Ngxe5 8.
Nxe5 Nxe5 9. b3 Be7 10. Nd2 O-O 11. Bb2 Rb8 12. Ne4 f5 13. Nd2 Bf6 14. Qc2 Be6
15. Rad1 c5 16. Rfe1 Qe8 17. Nf3 Nc6 18. e3 d3 19. Qb1 Qh5 20. Bxf6 Rxf6 21.
Qxd3 Rd8 22. Qe2 Rdf8 23. Nd4 Qxe2 24. Nxe2 g5 25. Bxc6 bxc6 26. Rd6 Bc8 27.
Rxf6 Rxf6 28. Rd1 Rf8 29. f4 a5 30. Nc3 h5 31. fxg5 Kg7 32. Na4 h4 33. Kf2 hxg3+
34. Kxg3 Re8 35. Kf3 Kg6 36. h4 Kh5 37. Nxc5 f4 38. Rd6 Kxh4 39. Kxf4 1-0

[Event "Hastings Masters 2016-17"]
[Site "Hastings ENG"]
[Date "2016.12.30"]
[Round "3.23"]
[White "Miller, Dominic"]
[Black "Taylor, Adam C"]
[Result "0-1"]
[BlackTitle "FM"]
[WhiteElo "1954"]
[BlackElo "2212"]
[WhiteFideId "438065"]
[BlackFideId "424668"]
[EventDate "2016.12.28"]

1. e4 g6 2. d4 Bg7 3. Nc3 a6 4. Be3 b5 5. f3 d6 6. Qd2 Nd7 7. h4 h6 8. O-O-O Bb7
9. h5 g5 10. Bd3 c5 11. dxc5 Qa5 12. cxd6 Rc8 13. Nge2 exd6 14. Bd4 Ne5 15. f4
gxf4 16. Qxf4 b4 17. Nb1 Qxa2 18. Rhf1 Bf6 19. Qg3 Kf8 20. Rf5 Rh7 21. Rdf1 Rg7
22. Qh3 Bg5+ 23. Nf4 Re8 24. Rxg5 Rxg5 25. Ng6+ Nxg6 26. hxg6 Rxg6 27. e5 Bxg2
28. Qd7 Bxf1 29. Bxg6 Qe6 30. Qxe6 Rxe6 31. Bf5 Rxe5 32. Bxe5 dxe5 33. Nd2 Ne7
34. Bd7 Bb5 35. Bxb5 axb5 36. Ne4 h5 37. Kd2 h4 38. Ke2 Nf5 39. Kf2 Ng3 40. Nd6
Ke7 41. Nxb5 Kd7 42. c4 Ne4+ 43. Kg2 f5 44. Kh3 Kc6 45. Kxh4 Kc5 46. Na7 Nd6 47.
Kg5 f4 48. Kg4 Kb6 49. Nb5 Nxc4 0-1

[Event "Hastings Masters 2016-17"]
[Site "Hastings ENG"]
[Date "2016.12.30"]
[Round "3.24"]
[White "Sethuraman, S.P."]
[Black "Trevelyan, John"]
[Result "1-0"]
[WhiteTitle "GM"]
[WhiteElo "2647"]
[BlackElo "2082"]
[WhiteFideId "5021596"]
[BlackFideId "1800922"]
[EventDate "2016.12.28"]

1. e4 d6 2. d4 e5 3. Nf3 exd4 4. Nxd4 g6 5. Nc3 Bg7 6. Be3 Nf6 7. Qd2 O-O 8.
O-O-O Re8 9. f3 Nc6 10. g4 Nxd4 11. Bxd4 Be6 12. h4 d5 13. g5 Nh5 14. Bxg7 Nxg7
15. exd5 Bf5 16. Bd3 Bxd3 17. Qxd3 f5 18. Qc4 Kh8 19. Nb5 Re7 20. d6 cxd6 21.
Nxd6 Qc7 22. Qd4 Kg8 23. Qd5+ Kf8 24. Nb5 Qf4+ 25. Kb1 a6 26. Nc3 Rae8 27. Qc5
Ne6 28. Qf2 Qc4 29. Nd5 Rd7 30. Nf6 Rxd1+ 31. Rxd1 Re7 32. b3 Qc8 33. h5 Rc7 34.
hxg6 hxg6 35. Rh1 Kf7 36. Rh7+ Ng7 37. Qd4 Qf8 38. Qd5+ 1-0

[Event "Hastings Masters 2016-17"]
[Site "Hastings ENG"]
[Date "2016.12.30"]
[Round "3.25"]
[White "Sugden, John N"]
[Black "Bellin, Robert"]
[Result "1/2-1/2"]
[BlackTitle "IM"]
[WhiteElo "2071"]
[BlackElo "2353"]
[WhiteFideId "402001"]
[BlackFideId "400343"]
[EventDate "2016.12.28"]

1. d4 Nf6 2. c4 e6 3. Nf3 b6 4. g3 Ba6 5. b3 Bb4+ 6. Bd2 Be7 7. Nc3 Bb7 8. Bg2
Ne4 9. Nxe4 Bxe4 10. O-O O-O 11. Ne1 d5 12. Bxe4 dxe4 13. Bc3 f5 14. Ng2 Qd7 15.
Qc2 Bd6 16. f3 exf3 17. Rxf3 Nc6 18. Rd1 Rad8 19. Rff1 Ne7 1/2-1/2

[Event "Hastings Masters 2016-17"]
[Site "Hastings ENG"]
[Date "2016.12.30"]
[Round "3.26"]
[White "Punnett, Alan K"]
[Black "Teh, Eu Wen Aron"]
[Result "0-1"]
[BlackTitle "FM"]
[WhiteElo "2047"]
[BlackElo "2279"]
[WhiteFideId "405400"]
[BlackFideId "5704723"]
[EventDate "2016.12.28"]

1. e4 e6 2. d4 d5 3. Nc3 Bb4 4. e5 c5 5. a3 Bxc3+ 6. bxc3 Ne7 7. Qg4 O-O 8. Nf3
Nbc6 9. Bd3 f5 10. exf6 Rxf6 11. Qh5 h6 12. O-O c4 13. Be2 Bd7 14. Ne5 Nxe5 15.
Qxe5 Nc6 16. Qd6 Be8 17. Bf4 Bg6 18. Rac1 Qe8 19. Bg3 Bf5 20. Rfe1 Kh7 21. a4
Rd8 22. Qc5 g5 23. Bf3 Qg6 24. Bd1 h5 25. h4 gxh4 26. Bxh4 Bh3 27. g3 Rdf8 28.
f3 Rf4 29. Kf2 R4f7 30. Rb1 Bg4 31. Rxb7 Rxb7 32. Qxf8 Rf7 33. Qd6 Bxf3 34. Bxf3
Qxc2+ 35. Re2 Qxc3 36. Re3 Qd2+ 37. Re2 Rxf3+ 38. Kxf3 Nxd4+ 39. Kg2 Qxe2+ 40.
Kh3 Qf1+ 41. Kh2 Nf3# 0-1